000 00451pab a2200169 454500
008 180718b2012 xxu||||| |||| 00| 0 eng d
100 _aShajahan, K.M.
245 _aThe European union regulation on IUU fishing: Impact on developing countries
260 _c2012
300 _ap.81-88.
362 _a11 Aug
650 _aEuropean Unions
650 _aFishery products
773 _aEconomic and Political Weekly
908 _aN
909 _a97470
999 _c97470
_d97470